| 000 | 00475nam a2200181Ia 4500 | ||
|---|---|---|---|
| 001 | 10057 | ||
| 005 | 20260306161803.0 | ||
| 008 | 260306t2006||||xx |||||||||||||| ||spa|| | ||
| 041 | _aESP | ||
| 082 |
_aPE 869.7 _bL27 |
||
| 100 |
_aLasarte, Pedro _eAUT |
||
| 245 | 0 |
_aLima satirizada (1598-1698): _bMateo Rosas de Oquendo y Juan del Valle y Caviedes |
|
| 260 | _c2006 | ||
| 300 |
_a246 páginas : _c21 cm. |
||
| 650 | _aGEN | ||
| 654 | _aCHU | ||
| 942 |
_cLIB _dJUS _fJUS _2ddc _n |
||
| 999 |
_c10057 _d10057 |
||